[Event "ENG Clubs"]
[Site "Hull"]
[Date "2023.10.22"]
[Round "4.7"]
[White "Bentley, John L"]
[Black "Green, Michael"]
[Result "1/2-1/2"]
[WhiteElo "2134"]
[BlackElo "1919"]
[PlyCount "23"]
[EventDate "2023.10.20"]
[EventType "team-tourn"]
[EventRounds "5"]
[EventCountry "ENG"]
[SourceTitle "Mega2024 Update 01"]
[Source "Chessbase"]
[SourceDate "2023.11.12"]
[SourceVersion "1"]
[SourceVersionDate "2023.11.12"]
[SourceQuality "1"]
[WhiteTeam "3CS Oldham"]
[BlackTeam "Heffalump Hunters"]
[WhiteTeamCountry "ENG"]
[BlackTeamCountry "ENG"]

1. d4 Nf6 2. c4 c5 3. d5 e6 4. Nc3 exd5 5. cxd5 d6 6. e4 g6 7. f3 Bg7 8. Nge2 h5 9. Bf4 0-0 10. Qd2 a6 11. a4 Re8 12. Nc1 1/2-1/2

[Event "BCF-chT3N 1819 (4NCL)"]
[Site "England"]
[Date "2019.05.06"]
[Round "11.22"]
[White "Whyte, Brian G"]
[Black "Bentley, John L"]
[Result "1/2-1/2"]
[WhiteElo "2072"]
[BlackElo "2142"]
[PlyCount "80"]
[EventDate "2018.11.10"]
[EventType "team-swiss"]
[EventRounds "11"]
[EventCountry "ENG"]
[SourceTitle "EXT 2021"]
[Source "ChessBase"]
[SourceDate "2020.10.23"]
[SourceVersion "1"]
[SourceVersionDate "2020.10.23"]
[SourceQuality "1"]
[WhiteTeam "Shropshire"]
[BlackTeam "3CS Oldham II"]
[WhiteTeamCountry "ENG"]
[BlackTeamCountry "ENG"]

1. c4 Nf6 2. g3 g6 3. b3 Bg7 4. Bb2 0-0 5. Bg2 d5 6. cxd5 Nxd5 7. Bxg7 Kxg7 8. Nf3 c5 9. d4 Qa5+ 10. Qd2 Qxd2+ 11. Nbxd2 cxd4 12. Nxd4 Rd8 13. Rc1 Na6 14. N2f3 f6 15. a3 e5 16. Nb5 Bd7 17. a4 Bxb5 18. axb5 Nab4 19. 0-0 Rac8 20. Rfd1 Rxc1 21. Rxc1 Rd7 22. Bh3 Rc7 23. Rc4 Rxc4 24. bxc4 Nc7 25. Bc8 b6 26. Kf1 Nc2 27. e3 Kf7 28. Ke2 Nb4 29. Kd2 Ke7 30. Kc3 a5 31. bxa6 Nbxa6 32. Bxa6 Nxa6 33. Nd2 Nc5 34. f3 f5 35. Nb3 Kd6 36. Nxc5 Kxc5 37. e4 fxe4 38. fxe4 Kd6 39. Kb4 Kc6 40. Kb3 Kc5 1/2-1/2

[Event "BCF-chT1d 1718 (4NCL) Demotion pool"]
[Site "England"]
[Date "2018.05.07"]
[Round "11.56"]
[White "Ledger, Dave J"]
[Black "Bentley, John L"]
[Result "1-0"]
[WhiteElo "2219"]
[BlackElo "2151"]
[PlyCount "65"]
[EventDate "2017.11.11"]
[EventType "team-swiss"]
[EventRounds "11"]
[EventCountry "ENG"]
[SourceTitle "EXT 2019"]
[Source "ChessBase"]
[SourceDate "2018.10.10"]
[SourceVersion "1"]
[SourceVersionDate "2018.10.10"]
[SourceQuality "1"]
[WhiteTeam "Blackthorne Russia"]
[BlackTeam "3CS Oldham"]
[WhiteTeamCountry "ENG"]
[BlackTeamCountry "ENG"]

1. e4 c5 2. Nf3 Nc6 3. d4 cxd4 4. Nxd4 g6 5. c4 Bg7 6. Nc2 Nf6 7. Nc3 0-0 8. Be2 d6 9. 0-0 b6 10. Be3 Bb7 11. f3 Rc8 12. Qd2 Ne5 13. b3 Qc7 14. Rac1 Rfd8 15. Rfd1 Qb8 16. Nd5 Re8 17. a4 Nfd7 18. Bg5 Nc5 19. Rb1 f6 20. Be3 e6 21. Nc3 f5 22. exf5 gxf5 23. Nb5 d5 24. Bf4 dxc4 25. bxc4 a6 26. Nd6 Red8 27. Bxe5 Bxe5 28. Qg5+ Bg7 29. Nxc8 Rxc8 30. Rxb6 Qa7 31. a5 Bc6 32. Rd8+ Rxd8 33. Qxd8+ 1-0

[Event "BCF-chT1d 1718 (4NCL) Demotion pool"]
[Site "England"]
[Date "2018.05.05"]
[Round "9.56"]
[White "Burnett, Andrew"]
[Black "Bentley, John L"]
[Result "1/2-1/2"]
[WhiteElo "2155"]
[BlackElo "2151"]
[PlyCount "78"]
[EventDate "2017.11.11"]
[EventType "team-swiss"]
[EventRounds "11"]
[EventCountry "ENG"]
[SourceTitle "EXT 2019"]
[Source "ChessBase"]
[SourceDate "2018.10.10"]
[SourceVersion "1"]
[SourceVersionDate "2018.10.10"]
[SourceQuality "1"]
[WhiteTeam "Alba"]
[BlackTeam "3CS Oldham"]
[WhiteTeamCountry "ENG"]
[BlackTeamCountry "ENG"]

1. d4 Nf6 2. c4 g6 3. Nc3 Bg7 4. e4 d6 5. Be2 0-0 6. Be3 c5 7. dxc5 dxc5 8. Qxd8 Rxd8 9. Bxc5 Nc6 10. Nf3 b6 11. Ba3 Nd7 12. Rd1 Bb7 13. Nd5 Nc5 14. e5 Nxe5 15. Nxe7+ Kh8 16. Nd5 Na4 17. Nxe5 Bxe5 18. b3 Nc3 19. Bb2 Bxd5 20. Rxd5 Rxd5 21. cxd5 Re8 22. Bxc3 Bxc3+ 23. Kd1 Kg7 24. Bb5 Re5 25. Bc6 Bb4 26. Rf1 Re4 27. h3 Kf6 28. f4 Rd4+ 29. Kc1 Bd6 30. Kc2 Rxf4 31. Rxf4+ Bxf4 32. Kd3 Ke5 33. Kc4 a5 34. Be8 f6 35. Bf7 Be3 36. Bg8 h6 37. Bf7 h5 38. Bxg6 h4 39. Bf7 Bf2 1/2-1/2

[Event "BCF-chT1a 1718 (4NCL)"]
[Site "England"]
[Date "2018.01.14"]
[Round "4.28"]
[White "Bentley, John L"]
[Black "Tavares, Shawn P"]
[Result "1-0"]
[WhiteElo "2151"]
[BlackElo "2148"]
[PlyCount "59"]
[EventDate "2017.11.11"]
[EventType "team-swiss"]
[EventRounds "11"]
[EventCountry "ENG"]
[SourceTitle "EXT 2019"]
[Source "ChessBase"]
[SourceDate "2018.10.10"]
[SourceVersion "1"]
[SourceVersionDate "2018.10.10"]
[SourceQuality "1"]
[WhiteTeam "3CS Oldham"]
[BlackTeam "Grantham Sharks"]
[WhiteTeamCountry "ENG"]
[BlackTeamCountry "ENG"]

1. d4 Nf6 2. c4 c5 3. d5 b5 4. cxb5 a6 5. bxa6 g6 6. Nc3 Bg7 7. e4 0-0 8. Nf3 Qa5 9. Nd2 Bxa6 10. Be2 Ne8 11. 0-0 Bxc3 12. bxc3 Qxc3 13. Rb1 Bxe2 14. Qxe2 Nd6 15. Bb2 Qa5 16. e5 Nf5 17. Ne4 d6 18. exd6 Nxd6 19. Nxd6 exd6 20. Qg4 Qd8 21. Qf4 Nd7 22. Qxd6 Rxa2 23. Bc3 Rc2 24. Ba1 Qc8 25. Rfe1 Re8 26. h4 h5 27. Rxe8+ Qxe8 28. Qxd7 Qa8 29. Qc6 Qd8 30. Qf6 1-0

[Event "BCF-chT3Na 1516 (4NCL)"]
[Site "England"]
[Date "2016.02.14"]
[Round "6.85"]
[White "McDonagh, Michael"]
[Black "Bentley, John L"]
[Result "1/2-1/2"]
[WhiteElo "1930"]
[BlackElo "2158"]
[PlyCount "52"]
[EventDate "2015.11.14"]
[EventType "team-swiss"]
[EventRounds "7"]
[EventCountry "ENG"]
[SourceTitle "EXT 2017"]
[Source "ChessBase"]
[SourceDate "2016.10.25"]
[SourceVersion "1"]
[SourceVersionDate "2016.10.25"]
[SourceQuality "1"]
[WhiteTeam "Spirit of Atticus III"]
[BlackTeam "3CS Oldham II"]
[WhiteTeamCountry "ENG"]
[BlackTeamCountry "ENG"]

1. g3 c5 2. Bg2 Nc6 3. c4 d6 4. Nc3 g6 5. d3 Bg7 6. e3 e5 7. Nge2 h5 8. h4 Nh6 9. a3 0-0 10. Rb1 f5 11. 0-0 f4 12. exf4 Bg4 13. f3 Bf5 14. Nd5 Be6 15. f5 Nxf5 16. Bg5 Qd7 17. Ne3 Ncd4 18. Nxd4 exd4 19. Nxf5 Bxf5 20. b4 Rae8 21. Kh2 b6 22. bxc5 dxc5 23. Qd2 Re6 24. Rfe1 Rfe8 25. Re4 Bxe4 26. fxe4 Qd6 1/2-1/2

[Event "Bolton Easter op"]
[Site "Bolton"]
[Date "2015.04.05"]
[Round "5"]
[White "Bentley, John L"]
[Black "Vidal Fernandez, Pablo"]
[Result "1/2-1/2"]
[WhiteElo "2205"]
[BlackElo "1832"]
[PlyCount "92"]
[EventDate "2015.04.03"]
[EventType "swiss"]
[EventRounds "5"]
[EventCountry "ENG"]
[SourceTitle "CBM 165 Extra"]
[Source "ChessBase"]
[SourceDate "2015.04.21"]
[SourceVersion "1"]
[SourceVersionDate "2015.04.21"]
[SourceQuality "1"]

1. d4 d5 2. c4 e6 3. Nf3 c6 4. e3 Nf6 5. b3 Nbd7 6. Bb2 Be7 7. Nc3 0-0 8. Bd3 dxc4 9. bxc4 c5 10. 0-0 b6 11. d5 exd5 12. cxd5 Bb7 13. e4 Re8 14. e5 Nxd5 15. Nxd5 Bxd5 16. Bxh7+ Kxh7 17. Qxd5 Kg8 18. e6 fxe6 19. Qxe6+ Kf8 20. Rad1 Bf6 21. Qf5 Re7 22. Rd6 Rf7 23. Bxf6 Rxf6 24. Rxf6+ Nxf6 25. Ne5 Qd5 26. g4 Re8 27. Re1 Kg8 28. Re3 Nxg4 29. Qxg4 Rxe5 30. Qc8+ Kf7 31. Qc7+ Kf6 32. Rxe5 Qxe5 33. Qxa7 Qe1+ 34. Kg2 Qe4+ 35. Kg3 Qc6 36. Qa3 c4 37. Qc3+ Kf5 38. f3 g5 39. Qc2+ Kf6 40. Qc3+ Kg6 41. Qc2+ Kh6 42. Qc3 b5 43. f4 gxf4+ 44. Kxf4 Qd6+ 45. Ke4 Qe6+ 46. Kf4 Qd6+ 1/2-1/2

[Event "Bolton Easter op"]
[Site "Bolton"]
[Date "2015.04.04"]
[Round "3"]
[White "Surtees, Michael"]
[Black "Bentley, John L"]
[Result "1-0"]
[WhiteElo "2131"]
[BlackElo "2205"]
[PlyCount "71"]
[EventDate "2015.04.03"]
[EventType "swiss"]
[EventRounds "5"]
[EventCountry "ENG"]
[SourceTitle "CBM 165 Extra"]
[Source "ChessBase"]
[SourceDate "2015.04.21"]
[SourceVersion "1"]
[SourceVersionDate "2015.04.21"]
[SourceQuality "1"]

1. e4 c5 2. c3 d5 3. f3 g6 4. d3 Bg7 5. g3 e5 6. Nd2 Ne7 7. Qe2 0-0 8. Nh3 Nbc6 9. Bg2 b6 10. 0-0 Ba6 11. Nf2 f5 12. exd5 Nxd5 13. Rd1 Qf6 14. Nc4 Rad8 15. a4 Rfe8 16. Qc2 Kh8 17. a5 b5 18. Ne3 Nde7 19. Bd2 Rc8 20. Qb1 Rb8 21. Qa2 Red8 22. f4 exf4 23. gxf4 b4 24. Nc4 Nd5 25. Re1 Nxc3 26. bxc3 bxc3 27. Bxc3 Qxc3 28. Bxc6 Bxc4 29. dxc4 Rb2 30. Qa3 Qc2 31. Qf3 Bd4 32. Rf1 Rdb8 33. Rac1 Qd2 34. Rcd1 Qc2 35. Rxd4 cxd4 36. Qd5 1-0

[Event "BCF-chT2a 1415 (4NCL)"]
[Site "England"]
[Date "2015.02.14"]
[Round "5.215"]
[White "Bentley, John L"]
[Black "Kalaiyalahan, Akshaya"]
[Result "1/2-1/2"]
[WhiteElo "2234"]
[BlackElo "2016"]
[PlyCount "83"]
[EventDate "2014.11.15"]
[EventType "team-tourn"]
[EventRounds "7"]
[EventCountry "ENG"]
[SourceTitle "EXT 2016"]
[Source "ChessBase"]
[SourceDate "2015.10.08"]
[SourceVersion "1"]
[SourceVersionDate "2015.10.08"]
[SourceQuality "1"]
[WhiteTeam "3CS Oldham"]
[BlackTeam "Guildford III"]
[WhiteTeamCountry "ENG"]
[BlackTeamCountry "ENG"]

1. c4 g6 2. d4 Bg7 3. Nc3 Nf6 4. e4 d6 5. f3 0-0 6. Be3 c6 7. Qd2 e5 8. d5 cxd5 9. cxd5 a6 10. Bd3 Nbd7 11. Nge2 Ne8 12. 0-0-0 b5 13. b4 Nb6 14. Kb2 Bd7 15. Rb1 f5 16. h3 f4 17. Bf2 Nf6 18. Nc1 Rc8 19. Nb3 Nfxd5 20. Nxd5 Nxd5 21. exd5 e4+ 22. Bd4 exd3 23. Rbc1 Qg5 24. Bxg7 Kxg7 25. Rhe1 Qf6+ 26. Ka3 Rc4 27. Qxd3 Rfc8 28. Qd2 Bf5 29. Rxc4 bxc4 30. Nd4 c3 31. Nxf5+ gxf5 32. Qc2 a5 33. bxa5 Qd4 34. Qa4 Qc5+ 35. Qb4 Qxd5 36. Qxf4 Qxa5+ 37. Qa4 Qxa4+ 38. Kxa4 d5 39. Kb3 d4 40. Kc2 Kf6 41. Kd3 Ra8 42. Kxd4 1/2-1/2

[Event "BCF-chT1b 1314 (4NCL)"]
[Site "England"]
[Date "2013.11.16"]
[Round "1.156"]
[White "Lalic, Bogdan"]
[Black "Bentley, John L"]
[Result "1-0"]
[WhiteElo "2486"]
[BlackElo "2240"]
[PlyCount "89"]
[EventDate "2013.11.16"]
[EventType "team-tourn"]
[EventRounds "7"]
[EventCountry "ENG"]
[SourceTitle "EXT 2015"]
[Source "ChessBase"]
[SourceDate "2014.11.20"]
[SourceVersion "1"]
[SourceVersionDate "2014.11.20"]
[SourceQuality "1"]
[WhiteTeam "Wood Green Hilsmark"]
[BlackTeam "3CS Oldham"]
[WhiteTeamCountry "ENG"]
[BlackTeamCountry "ENG"]

1. d4 Nf6 2. c4 c5 3. d5 b5 4. cxb5 a6 5. bxa6 g6 6. Nc3 Bxa6 7. Nf3 d6 8. e4 Bxf1 9. Kxf1 Nbd7 10. g3 Bg7 11. Kg2 0-0 12. a4 Qb8 13. Re1 Qb7 14. Ra3 Rfb8 15. Nb5 Nb6 16. b3 Nfd7 17. Qe2 c4 18. bxc4 Rc8 19. Bg5 Nxc4 20. Ra2 Ndb6 21. Rc1 h6 22. Bf4 Rc5 23. h4 Rxa4 24. Nxd6 Rxa2 25. Nxb7 Rxe2 26. Nxc5 f5 27. e5 g5 28. hxg5 hxg5 29. Bxg5 Nxe5 30. Nd4 Ra2 31. Nxf5 Nxd5 32. Rd1 Nf6 33. Nxe7+ Kf7 34. Nf5 Nfg4 35. Rd2 Rxd2 36. Bxd2 Bf8 37. Ne4 Ke6 38. Ne3 Nxe3+ 39. Bxe3 Kf5 40. f3 Be7 41. g4+ Kg6 42. Kg3 Bd8 43. f4 Nc4 44. f5+ Kf7 45. Bf4 1-0

[Event "BCF-chT2c 1213 (4NCL) Promotion pool"]
[Site "England"]
[Date "2013.05.06"]
[Round "11.23"]
[White "Bentley, John L"]
[Black "Crouch, Colin S"]
[Result "1/2-1/2"]
[WhiteElo "2212"]
[BlackElo "2388"]
[PlyCount "31"]
[EventDate "2012.11.13"]
[EventType "team-tourn"]
[EventRounds "4"]
[EventCountry "ENG"]
[SourceTitle "EXT 2014"]
[Source "ChessBase"]
[SourceDate "2013.11.20"]
[SourceVersion "1"]
[SourceVersionDate "2013.11.20"]
[SourceQuality "1"]
[WhiteTeam "3CS Oldham"]
[BlackTeam "Grantham Pandora's Box"]
[WhiteTeamCountry "ENG"]
[BlackTeamCountry "ENG"]

1. d4 d5 2. c4 c6 3. Nf3 Nf6 4. Nc3 a6 5. e3 b5 6. b3 e6 7. Bd3 Bb4 8. Bd2 0-0 9. 0-0 bxc4 10. bxc4 dxc4 11. Bxc4 c5 12. Na4 Bxd2 13. Qxd2 cxd4 14. Qxd4 Qa5 15. Bb3 Nc6 16. Qb6 1/2-1/2

[Event "BCF-chT2b 1213 (4NCL)"]
[Site "England"]
[Date "2012.11.04"]
[Round "2.72"]
[White "Rayner, Francis"]
[Black "Bentley, John L"]
[Result "0-1"]
[WhiteElo "2166"]
[BlackElo "2212"]
[PlyCount "128"]
[EventDate "2012.11.03"]
[EventType "team-tourn"]
[EventRounds "7"]
[EventCountry "ENG"]
[SourceTitle "EXT 2014"]
[Source "ChessBase"]
[SourceDate "2013.11.20"]
[SourceVersion "1"]
[SourceVersionDate "2013.11.20"]
[SourceQuality "1"]
[WhiteTeam "KJCA Kings"]
[BlackTeam "3CS Oldham"]
[WhiteTeamCountry "ENG"]
[BlackTeamCountry "ENG"]

1. c4 Nf6 2. Nf3 g6 3. b4 Bg7 4. Bb2 0-0 5. g3 a5 6. a3 axb4 7. axb4 Rxa1 8. Bxa1 c6 9. Nc3 d5 10. cxd5 Nxd5 11. Nxd5 Qxd5 12. Bxg7 Kxg7 13. Bg2 Na6 14. Qa1+ Kg8 15. 0-0 Nxb4 16. Rb1 Na6 17. d4 Qd6 18. Ne5 Nb8 19. Nc4 Qc7 20. Qa7 Na6 21. Rb6 Qd7 22. e3 Qf5 23. e4 Qg5 24. Rb1 Nc7 25. Nb6 Nb5 26. Qa5 e5 27. h4 Qe7 28. Nxc8 Rxc8 29. d5 Nd4 30. Qa7 Nb5 31. Qa5 Qc7 32. Qb4 Nd6 33. dxc6 bxc6 34. Qc5 Nb5 35. Bh3 Rb8 36. Bf1 Nd4 37. Rxb8+ Qxb8 38. Kg2 Qc7 39. Bc4 Kg7 40. Ba2 Nb5 41. Bc4 Qd6 42. Qb6 Nd4 43. Qa7 Qf6 44. Qa3 h6 45. Qe3 g5 46. hxg5 hxg5 47. Be2 Kg6 48. Bg4 Qd6 49. Qc1 c5 50. Qc4 Kf6 51. Bh5 Ne6 52. Qa4 Qd4 53. Qa8 Nd8 54. Be2 Kg7 55. f3 Ne6 56. Qa2 g4 57. Qd5 Qxd5 58. exd5 Nd4 59. d6 Kf8 60. Bc4 gxf3+ 61. Kf2 f5 62. g4 fxg4 63. Kg3 Ke8 64. Kxg4 Kd7 0-1

[Event "BCF-chT2 1011 (4NCL)"]
[Site "England"]
[Date "2011.05.01"]
[Round "10.84"]
[White "Bailey, Kevin J"]
[Black "Bentley, John L"]
[Result "1/2-1/2"]
[WhiteElo "2029"]
[BlackElo "2212"]
[PlyCount "56"]
[EventDate "2010.11.06"]
[EventType "team-swiss"]
[EventRounds "11"]
[EventCountry "ENG"]
[SourceTitle "EXT 2012"]
[Source "ChessBase"]
[SourceDate "2011.11.24"]
[SourceVersion "1"]
[SourceVersionDate "2011.11.24"]
[SourceQuality "1"]
[WhiteTeam "Poisoned Pawns II"]
[BlackTeam "3CS Oldham"]
[WhiteTeamCountry "ENG"]
[BlackTeamCountry "ENG"]

1. e4 c5 2. Nc3 Nc6 3. f4 g6 4. Nf3 Bg7 5. Bb5 Nd4 6. 0-0 Nxb5 7. Nxb5 d5 8. e5 d4 9. c3 a6 10. Na3 dxc3 11. dxc3 Qxd1 12. Rxd1 b6 13. Nc4 Rb8 14. Ne3 Bb7 15. Kf2 Rd8 16. Rxd8+ Kxd8 17. Ng5 Nh6 18. b4 cxb4 19. cxb4 Kc7 20. Bb2 Rd8 21. Rc1+ Bc6 22. Rd1 Rxd1 23. Nxd1 Bd5 24. a3 f6 25. exf6 exf6 26. Ne3 Kd6 27. h3 fxg5 28. Bxg7 Nf7 1/2-1/2

[Event "BCF-chT3 0910 (4NCL)"]
[Site "England"]
[Date "2010.01.17"]
[Round "4.4"]
[White "Page, Mark"]
[Black "Bentley, John L"]
[Result "1-0"]
[WhiteElo "1996"]
[BlackElo "2237"]
[PlyCount "71"]
[EventDate "2009.10.24"]
[EventType "team-tourn"]
[EventRounds "11"]
[EventCountry "ENG"]
[SourceTitle "EXT 2011"]
[Source "ChessBase"]
[SourceDate "2010.11.26"]
[SourceVersion "1"]
[SourceVersionDate "2010.11.26"]
[SourceQuality "1"]
[WhiteTeam "Warwicks Select II"]
[BlackTeam "3Cs"]
[WhiteTeamCountry "ENG"]
[BlackTeamCountry "ENG"]

1. e4 c5 2. Nc3 Nc6 3. g3 g6 4. Bg2 Bg7 5. d3 Nf6 6. f4 d6 7. Nf3 0-0 8. 0-0 Rb8 9. h3 b5 10. Be3 b4 11. Ne2 Nd7 12. Rb1 Qa5 13. g4 e6 14. Qe1 d5 15. Qh4 Qd8 16. Qf2 dxe4 17. dxe4 Ba6 18. Rfd1 Qc7 19. e5 f6 20. exf6 Bxf6 21. Ng3 Nd4 22. Ne4 Bg7 23. Nxd4 cxd4 24. Bxd4 e5 25. Bxa7 Rb7 26. Be3 exf4 27. Bd4 Bxd4 28. Qxd4 f3 29. Qd5+ Kh8 30. Qd4+ Ne5 31. Nd6 Qb6 32. Nxb7 Qxd4+ 33. Rxd4 fxg2 34. Rd8 Nf3+ 35. Kxg2 Ne1+ 36. Kg3 1-0

[Event "BCF-chT2a 0809 (4NCL)"]
[Site "Hinckley Island"]
[Date "2008.12.06"]
[Round "3.4"]
[White "White, Michael JR"]
[Black "Bentley, John L"]
[Result "0-1"]
[WhiteElo "2242"]
[BlackElo "2227"]
[PlyCount "80"]
[EventDate "2008.10.04"]
[EventType "team-tourn"]
[EventRounds "7"]
[EventCountry "ENG"]
[SourceTitle "EXT 2010"]
[Source "ChessBase"]
[SourceDate "2010.11.25"]
[SourceVersion "1"]
[SourceVersionDate "2010.11.25"]
[SourceQuality "1"]
[WhiteTeam "Oxford"]
[BlackTeam "Pandoras Box"]
[WhiteTeamCountry "ENG"]
[BlackTeamCountry "ENG"]

1. e4 c5 2. Nf3 Nc6 3. d4 cxd4 4. Nxd4 g6 5. c4 Bg7 6. Be3 Nf6 7. Nc3 0-0 8. Be2 d6 9. Nb3 b6 10. 0-0 Bb7 11. Rc1 Rc8 12. Qc2 Ne5 13. Nd2 Qc7 14. h3 Qb8 15. Qb1 e6 16. f4 Bh6 17. g4 d5 18. cxd5 exd5 19. g5 Bxg5 20. fxg5 Nd3 21. Kg2 Nxc1 22. gxf6 Rxc3 23. bxc3 Nxe2 24. Qe1 Nxc3 25. Qh4 Kh8 26. Bh6 Re8 27. Bf4 Qd8 28. Qh6 Rg8 29. Be5 dxe4 30. Bxc3 e3+ 31. Nf3 Qd3 32. Bb4 Qe2+ 33. Kg1 Bxf3 34. Qg5 Bb7 35. Qg3 Qc4 36. Rf4 Qc6 37. Kf1 Re8 38. Qh4 e2+ 39. Ke1 Qc1+ 40. Kf2 Qf1+ 0-1

[Event "Monarch Assurance 16th"]
[Site "Port Erin"]
[Date "2007.09.29"]
[Round "8"]
[White "Bentley, John L"]
[Black "Majer, Christopher"]
[Result "1-0"]
[WhiteElo "2242"]
[BlackElo "2041"]
[PlyCount "53"]
[EventDate "2007.09.22"]
[EventType "swiss"]
[EventRounds "9"]
[EventCountry "IOM"]
[SourceTitle "CBM 120 Extra"]
[Source "ChessBase"]
[SourceDate "2007.11.01"]
[SourceVersion "1"]
[SourceVersionDate "2007.11.01"]
[SourceQuality "1"]

1. e4 d5 2. exd5 Qxd5 3. Nf3 Nf6 4. d4 c6 5. Be2 Bf5 6. 0-0 e6 7. c4 Qd8 8. Nc3 Be7 9. Nh4 Bg6 10. Nxg6 hxg6 11. Bf3 Qc7 12. g3 0-0 13. Qb3 Nbd7 14. Rd1 Rfd8 15. Bf4 Qb6 16. Qc2 Rac8 17. c5 Qa5 18. b4 Qxb4 19. Rab1 Qa5 20. Rxb7 Nd5 21. Nxd5 cxd5 22. Be2 Nxc5 23. Rxe7 Nd7 24. Qb3 e5 25. Bd2 Qc7 26. Qxd5 Nf6 27. Qxf7+ 1-0

[Event "Monarch Assurance 16th"]
[Site "Port Erin"]
[Date "2007.09.28"]
[Round "7"]
[White "Marks, Ian Alexander"]
[Black "Bentley, John L"]
[Result "0-1"]
[WhiteElo "1914"]
[BlackElo "2242"]
[PlyCount "108"]
[EventDate "2007.09.22"]
[EventType "swiss"]
[EventRounds "9"]
[EventCountry "IOM"]
[SourceTitle "CBM 120 Extra"]
[Source "ChessBase"]
[SourceDate "2007.11.01"]
[SourceVersion "1"]
[SourceVersionDate "2007.11.01"]
[SourceQuality "1"]

1. e4 c5 2. Nc3 Nc6 3. Bb5 Nd4 4. Nf3 Nxb5 5. Nxb5 d5 6. exd5 a6 7. Nc3 Nf6 8. d4 Nxd5 9. Nxd5 Qxd5 10. dxc5 Qxc5 11. Be3 Qb4+ 12. Qd2 Qxd2+ 13. Kxd2 f6 14. Rad1 e5 15. Rhe1 Kf7 16. Bb6 Be6 17. Kc1 Rc8 18. Kb1 Bb4 19. c3 Bf5+ 20. Kc1 Rc6 21. Rd8 Rxd8 22. Bxd8 b6 23. Rxe5 Be6 24. Nd4 fxe5 25. Nxc6 Bd6 26. Bxb6 Bxa2 27. Na5 Bd5 28. f3 e4 29. fxe4 Bxe4 30. g3 Ke6 31. Kd2 h5 32. Ke3 Bg2 33. c4 g5 34. c5 Be5 35. Nc4 Bf6 36. b3 Kd5 37. Kf2 Bh3 38. Ne3+ Kc6 39. b4 Be6 40. Ba5 Kb5 41. Kf3 Bd4 42. Nc2 Bd5+ 43. Ke2 Bg1 44. Ne3 Be6 45. Nc2 Bc4+ 46. Ke1 Bd3 47. Kd2 Bxc2 48. Kxc2 Bxh2 49. Bd8 Bxg3 50. Bxg5 h4 51. Bxh4 Bxh4 52. Kb3 Be1 53. c6 Kxc6 54. Kc4 Kb6 0-1

[Event "Monarch Assurance 16th"]
[Site "Port Erin"]
[Date "2007.09.25"]
[Round "4"]
[White "Bentley, John L"]
[Black "Obers, Frits"]
[Result "0-1"]
[WhiteElo "2242"]
[BlackElo "2073"]
[PlyCount "120"]
[EventDate "2007.09.22"]
[EventType "swiss"]
[EventRounds "9"]
[EventCountry "IOM"]
[SourceTitle "CBM 120 Extra"]
[Source "ChessBase"]
[SourceDate "2007.11.01"]
[SourceVersion "1"]
[SourceVersionDate "2007.11.01"]
[SourceQuality "1"]

1. e4 c5 2. Nf3 d6 3. Bb5+ Bd7 4. Bxd7+ Qxd7 5. 0-0 e6 6. Re1 Nc6 7. c3 Nf6 8. d4 cxd4 9. cxd4 d5 10. e5 Ne4 11. Nbd2 Nxd2 12. Bxd2 Be7 13. Rc1 0-0 14. Rc3 Rfc8 15. Rb3 Rc7 16. Qe2 Rac8 17. Qd3 Qd8 18. g3 Rd7 19. Rc1 Rdc7 20. Kg2 Nb8 21. Rf1 Nd7 22. Ba5 b6 23. Bc3 Rc4 24. Nd2 Ra4 25. a3 a6 26. Bb4 Bxb4 27. axb4 b5 28. Rc3 Rxb4 29. Rfc1 Rb8 30. Rc6 Rxb2 31. Nf3 Rb4 32. Nd2 a5 33. Qc3 Nb6 34. Rd6 Qe8 35. Qc7 Nc4 36. Nxc4 Rxc4 37. Rxc4 dxc4 38. Rd7 Rc8 39. Qb7 Rb8 40. Qc7 b4 41. Rxf7 Qxf7 42. Qxb8+ Qf8 43. Qb7 Qd8 44. f3 h6 45. h4 Qxd4 46. Qc8+ Kf7 47. Qc7+ Kg6 48. h5+ Kh7 49. Qf7 Qd2+ 50. Kh3 Qd3 51. Qxe6 Qxf3 52. Qg6+ Kg8 53. Qe6+ Qf7 54. Qc8+ Kh7 55. e6 Qxh5+ 56. Kg2 Qe2+ 57. Kh3 b3 58. Qd7 Qh5+ 59. Kg2 Qe2+ 60. Kh3 b2 0-1